"Stan" Countries Flags Map Quiz - Statistics

General Stats
  • This quiz has been taken 221 times
  • The average score is 6 of 7
Answers on the Map
Answers color-coded by a green-red scale on the quiz's map according to % correct below.
 
Answer Stats
Answer % Correct
Kazakhstan
94%
Pakistan
90%
Afghanistan
87%
Kyrgyzstan
83%
Tajikistan
83%
Uzbekistan
83%
Turkmenistan
79%
No matching quizzes found
Score Distribution
Percent of People with Each Score
Percentile by Number Answered
Your Score History
You have not taken this quiz